Responses for show #8028 - Wednesday, July 3, 2019

Contestants

[<< previous game]

Cathy Deobler, a retired teacher from Belle, West Virginia

Dan Levy, a higher education administrator from Hartford, Connecticut

Charlie Jorgenson, a librarian from Loveland, Colorado (whose 1-day cash winnings total $32,800)

[next game >>]

Jeopardy! Round responses

THE GOLDEN HOARD
SINGULAR SPORTS TEAMS
AMERICAN WRITERS
THERE'S A TIME & A PLACE FOR EVERYTHING
GET "OFF"
MY LAWN
    $200 6
Ali Baba

Charlie
    $200 16
Jazz

Charlie
    $200 1
Dr. Seuss

Cathy
    $200 21
(Charlie: What is television?)

radio

CharlieDan
    $200 11
off-base

Cathy
    $200 26
weeds

Dan
    $400 7
(Charlie: Who are the Mario Brothers... [*]?)
(Alex: Thank you.)

Super Mario Brothers

Charlie
    $400 17
Thunder

Dan
    $400 2
Gone With the Wind

Charlie
    $400 22
the Articles of Confederation

Cathy
    $400 12
on-and-off-again

Charlie
    $400 27
a riding lawnmower

Charlie
    $600 8
Fort Knox

Dan
    $600 18
Wild

Dan
    $600 3
Pat Conroy

Charlie
    $1,000 23
Pizarro

Cathy
    $600 13
off-Broadway

Charlie
    $600 28
Sheep Meadow

Cathy
    $800 9
Montezuma

Charlie
    $800 19
Fire

Dan
    $800 4
(Cathy: Who is Isaac Asimov?)
(Charlie: Who is Robert Heinlein?)

Ray Bradbury

CharlieCathy
Triple Stumper
    $800 24
cholera

Charlie
    $800 14
a playoff

Dan
    $800 29
the South Lawn at the White House

Triple Stumper
    $1000 10
(Dan: Who is Rumpelstiltskin?)

Alberich

Dan
Triple Stumper
    $1000 20
Green Wave

Dan
    $1000 5
(Nathanael) West

Charlie
    $1000 25
Edo Castle

Triple Stumper
    $1000 15
officious

Triple Stumper
    $1000 30
rust

Charlie

Scores at the first commercial break (after clue 15):

Charlie Dan Cathy
$3,600 $400 -$400

Scores at the end of the Jeopardy! Round:

Charlie Dan Cathy
$5,800 $3,600 $1,600

Double Jeopardy! Round responses

DONE IN BY THEIR OWN CREATIONS
GEOGRAPHY
BAD-JECTIVES
ITALIAN MUSIC TERMS
THE LONG & THE SHORT OF BATTLE
AN ACTOR & A SUPPORTING ROLE
    $400 16
the Titanic

Dan
    $400 11
the Rio Grande

Dan
    $400 1
lousy

Charlie
    $400 21
(Dan: What is diva?)
(Cathy: What is prima diva?)

prima donna

CharlieDanCathy
    $400 26
the Alamo

Charlie
    $400 2
Robin Williams

Dan
    $800 17
a parachute

Charlie
    $800 12
the Persian Gulf

Cathy
    $800 7
diabolical

Dan
    $800 22
libretto

Dan
    $800 27
Korea

Dan
    $800 3
William H. Macy

Dan
    $3,000 18
a submarine

Charlie
    $1200 13
Lanai

Cathy
    $1200 8
heinous

Charlie
    $1200 23
the tail

Charlie
    $1200 28
(Charlie: Who is Howe?)

Cornwallis

CharlieCathy
    $1200 4
(Dan: Oh... Richard Dreyfus.)

Steve Carell

Dan
Triple Stumper
    $1600 19
a balloon

Triple Stumper
    $1600 14
Australia

Cathy
    $1600 9
pitiful

Dan
    $1600 24
a piccolo

Charlie
    $1600 29
(Cathy: What is Troy?)
(Dan: What is Sparta?)
...
[The end-of-round signal sounds.]

Athens

CharlieDanCathy
    $1600 5
Geoffrey Rush

Charlie
    $2000 20
(Francis) Stanley

Charlie
    $2000 15
Ljubljana

Dan
    $2000 10
(Cathy: What is weir?)
(Alex: No.)
(Cathy: W-E-I-R.)
(Alex: No.)

dire

Cathy
Triple Stumper
    $5,000 25
(Alex: We have less than a minute now.)

legato

Charlie
    $2000 6
Willem Dafoe

Charlie

Scores at the end of the Double Jeopardy! Round:

Charlie Dan Cathy
$25,800 $8,400 $2,400
(lock game)

[wagering suggestions for these scores]

Final Jeopardy! Round responses

MYTHOLOGY
CathyWho are the Muses?
$2,400
DanWho were witches?
$3,000
CharlieWho are the Furies?
$1,800
the Gorgons

Final scores:

Charlie Dan Cathy
$24,000 $5,400 $0
2-day champion: $56,800 2nd place: $2,000 3rd place: $1,000

Game dynamics:

Coryat scores:

Charlie Dan Cathy
$21,000 $8,400 $2,000
25 R
(including 2 DDs),
3 W
17 R,
4 W
9 R
(including 1 DD),
4 W

Combined Coryat: $31,400

The J! Archive is created by fans, for fans. The Jeopardy! game show and all elements thereof, including but not limited to copyright and trademark thereto, are the property of Jeopardy Productions, Inc. and are protected under law. This website is not affiliated with, sponsored by, or operated by Jeopardy Productions, Inc. Join the discussion at JBoard.tv.